000
00279nam a22001337a 4500
008
181031b xxu||||| |||| 00| 0 eng d
020
_a
2900324221557
041
_a
eng
080
_a
339.138
100
_a
61
101
_a
MAR
245
_a
Marketing
_c
Lamb.H
942
_2
udc
_c
BK
999
_c
51305
_d
51305